<?xml version="1.0" encoding="UTF-8"?>
<collection xmlns="http://www.loc.gov/MARC21/slim">
  <record>
    <leader>00000nam  2200000   4500</leader>
    <controlfield tag="001">INLIS000000000000298</controlfield>
    <controlfield tag="005">20190527110230</controlfield>
    <datafield tag="035" ind1="#" ind2="#">
      <subfield code="a">0010-0718000298</subfield>
    </datafield>
    <controlfield tag="008">190527################g##########0#ind##</controlfield>
    <datafield tag="020" ind1="#" ind2="#">
      <subfield code="a">9786021521892</subfield>
    </datafield>
    <datafield tag="041" ind1=" " ind2=" ">
      <subfield code="a">id</subfield>
    </datafield>
    <datafield tag="082" ind1="#" ind2="#">
      <subfield code="a">153.8.</subfield>
    </datafield>
    <datafield tag="090" ind1=" " ind2=" ">
      <subfield code="a">153.8.Sam.s</subfield>
    </datafield>
    <datafield tag="100" ind1=" " ind2="#">
      <subfield code="a">Samadani, Adil</subfield>
    </datafield>
    <datafield tag="245" ind1="1" ind2="#">
      <subfield code="a">SIM Sukses Itu Mudah:9 Strategi Untuk Menghancurkan Kegagalan /</subfield>
      <subfield code="c">H.U. Adil Samadani</subfield>
    </datafield>
    <datafield tag="260" ind1="#" ind2="#">
      <subfield code="a">Jakarta :</subfield>
      <subfield code="b">Mitra Wacana Mdia,</subfield>
      <subfield code="c">2014</subfield>
    </datafield>
    <datafield tag="300" ind1="#" ind2="#">
      <subfield code="a">xii, 134 hlm. ;</subfield>
      <subfield code="c">20 cm</subfield>
    </datafield>
    <datafield tag="650" ind1=" " ind2="#">
      <subfield code="a">SIM,  motivasi</subfield>
    </datafield>
    <datafield tag="084" ind1="#" ind2="#">
      <subfield code="a">153.8. Sam s</subfield>
    </datafield>
    <datafield tag="250" ind1="#" ind2="#">
      <subfield code="a">ed.1</subfield>
    </datafield>
    <datafield tag="520" ind1="#" ind2="#">
      <subfield code="a">Gagal dan sukses adalah dua kata yang kontra produktif, gagal adalah kesuksesan yang tertunda, orang sukses adalah orang yang telah melalui kegagalan, orang sukses tidak takut dengan kegagalan, kegagalan membuatnya untuk terus maju, inovatif dan tidak menyerah, orang yang sukses adalah orang yang cerdas menghadapi kegagalan terus dan terus bangkit. Semua orang menginginkan kesuksesan, sukses bukan hanya milik orang berduit saja, bukan juga milik orang yeng berpendidikan tinggi saja, bukan juga milik para pejabat saja atau orang yang terkenal, tapi sukses milik kita semua (the success is our righ), karena orang sukses adalah orang yang paling bernilai, semakin bernilai dan dibutuhkan maka semakin sukses orang tersebut, jadi menjadi sukses itu mudah (SIM:Sumses Itu Mudah) jadilah orang yang bernilai dan bermanfaat, itulah sukses yang sebenasnya (real success). SIM bagi mereka yang cerdas mencari kunci untuk membukanya, sukses sangat bersahabat bagi mereka yang pantang menyerah, terus mencoba, bekerja secara cerdas, selalu berfikir positif, memiliki pola pikir yang luar biasa, terus bekerja dan tidak berhenti untuk berdo'a. Buku ini hadir untuk men delate virus kesuksesan, disertai sembilan strategi untuk menghancurkan kegagalan sehingga mempermudah untuk meraih kesuksesan. Pahamilah dan milikilah maka kesuksesan berpihak pada Anda. Semoga buku ini mampu memberikan penyegaran terutama bagi mahasiswa, karyawan, guru, dosen, praktisi, trainer, motivator, serta bagi mereka yang menginginkan kesuksesan.</subfield>
    </datafield>
    <datafield tag="856" ind1="#" ind2="#">
      <subfield code="a">Perpustakaan Lembaga Administrasi Negara</subfield>
    </datafield>
    <datafield tag="990" ind1="#" ind2="#">
      <subfield code="a">18274</subfield>
    </datafield>
    <datafield tag="990" ind1="#" ind2="#">
      <subfield code="a">18275</subfield>
    </datafield>
    <datafield tag="990" ind1="#" ind2="#">
      <subfield code="a">160518274</subfield>
    </datafield>
    <datafield tag="990" ind1="#" ind2="#">
      <subfield code="a">18275</subfield>
    </datafield>
    <datafield tag="990" ind1="#" ind2="#">
      <subfield code="a">160518275</subfield>
    </datafield>
    <datafield tag="990" ind1="#" ind2="#">
      <subfield code="a">160518274</subfield>
    </datafield>
  </record>
</collection>
